000 004500000a22001690004500
003 MACL
005 20151231165952.0
008 151231b xxu||||| |||| 00| 0 eng d
040 _aMACL
_cMACL
041 _aEnglish
082 _a330/NAR
100 _aEngels, F
_926014
245 _aCapital
_bA Critique of Political Economy
260 _bForeign Languages Publishing House
_c1957
_aMoscow
650 _aEconomics
_926015
942 _cBK
_k330/Eng
_2ddc
999 _c34984
_d34984